Economic policies and programmes in India: some observations. (Record no. 80381)

MARC details
000 -LEADER
fixed length control field 01021cam a22002891 4500
001 - CONTROL NUMBER
control field sa 68004841
003 - CONTROL NUMBER IDENTIFIER
control field DLC
005 - DATE AND TIME OF LATEST TRANSACTION
control field 20260227112504.0
008 - FIXED-LENGTH DATA ELEMENTS--GENERAL INFORMATION
fixed length control field 711108r1967 ii 000 0 eng
010 ## - LIBRARY OF CONGRESS CONTROL NUMBER
LC control number sa 68004841
025 ## - OVERSEAS ACQUISITION NUMBER
Overseas acquisition number PL480:I-E-8176
040 ## - CATALOGING SOURCE
Original cataloging agency DLC
Transcribing agency DLC
Modifying agency DLC
043 ## - GEOGRAPHIC AREA CODE
Geographic area code a-ii---
050 00 - LIBRARY OF CONGRESS CALL NUMBER
Classification number HC435.2
Item number .H55
082 00 - DEWEY DECIMAL CLASSIFICATION NUMBER
Classification number 338.954
110 2# - MAIN ENTRY--CORPORATE NAME
Corporate name or jurisdiction name as entry element Hindustan Motors, ltd.
Subordinate unit Department of Economic and Market Research.
245 10 - TITLE STATEMENT
Title Economic policies and programmes in India: some observations.
260 ## - PUBLICATION, DISTRIBUTION, ETC.
Place of publication, distribution, etc. Calcutta
Date of publication, distribution, etc. [1967]
300 ## - PHYSICAL DESCRIPTION
Extent 68 p.
Dimensions 24 cm.
350 ## - PRICE (NR) (BK AM CF MU VM SE) [OBSOLETE]
Price Rs6
-- $1.25
490 0# - SERIES STATEMENT
Series statement Its Publications, 2
500 ## - GENERAL NOTE
General note "Nine essays written by Dr. N. Das ... and ... his colleagues in the Department of Economic and Market Research."
500 ## - GENERAL NOTE
General note "Originally published in Amrita bazar patrika ... Capital ... The Times of India ... and The Hindustan times."
651 #0 - SUBJECT ADDED ENTRY--GEOGRAPHIC NAME
Geographic name India
General subdivision Economic policy.
651 #0 - SUBJECT ADDED ENTRY--GEOGRAPHIC NAME
Geographic name India
General subdivision Economic policy
Chronological subdivision 1966-1974.
700 1# - ADDED ENTRY--PERSONAL NAME
Personal name Das, Nabagopal,
Dates associated with a name 1910-

No items available.

Powered by Koha